<?xml version="1.0" encoding="UTF-8"?>
<collection xmlns="http://www.loc.gov/MARC21/slim">
    <record>
        <controlfield tag="001">12832</controlfield>
        <controlfield tag="005">20190219123645.0</controlfield>
        <datafield tag="020" ind1=" " ind2=" ">
            <subfield code="a">611</subfield>
        </datafield>
        <datafield tag="037" ind1=" " ind2=" ">
            <subfield code="a">TESIS-2013-143</subfield>
        </datafield>
        <datafield tag="041" ind1=" " ind2=" ">
            <subfield code="a">spa</subfield>
        </datafield>
        <datafield tag="100" ind1="1" ind2=" ">
            <subfield code="a">Gallart Ortega, José</subfield>
        </datafield>
        <datafield tag="245" ind1="0" ind2="0">
            <subfield code="a">Consideraciones anatómicas y funcionales en la patología del quinto radio del pie</subfield>
        </datafield>
        <datafield tag="260" ind1=" " ind2=" ">
            <subfield code="a">Zaragoza</subfield>
            <subfield code="b">Universidad de Zaragoza, Prensas de la Universidad</subfield>
            <subfield code="c">2013</subfield>
        </datafield>
        <datafield tag="300" ind1=" " ind2=" ">
            <subfield code="a">286</subfield>
        </datafield>
        <datafield tag="490" ind1="0" ind2=" ">
            <subfield code="a">Tesis de la Universidad de Zaragoza</subfield>
            <subfield code="v">2013-121</subfield>
            <subfield code="x">2254-7606</subfield>
        </datafield>
        <datafield tag="500" ind1=" " ind2=" ">
            <subfield code="a">Presentado:  04 10 2013</subfield>
        </datafield>
        <datafield tag="502" ind1=" " ind2=" ">
            <subfield code="a">Tesis-Univ. Zaragoza, Anatomía e Histología Humanas, 2013</subfield>
            <subfield code="b">Zaragoza, Universidad de Zaragoza</subfield>
            <subfield code="c">2013</subfield>
        </datafield>
        <datafield tag="506" ind1=" " ind2=" ">
            <subfield code="a">by-nc-nd</subfield>
            <subfield code="b">Creative Commons</subfield>
            <subfield code="c">3.0</subfield>
            <subfield code="u">https://creativecommons.org/licenses/by-nc-nd/3.0/</subfield>
        </datafield>
        <datafield tag="520" ind1=" " ind2=" ">
            <subfield code="a">OBJETIVO: Se analiza si las diferentes alteraciones morfológicas y funcionales del pie se asocian estadísticamente a las diferentes desviaciones del quinto radio en el plano transverso y/o sagital como posible causa o agravantes de ésta. A su vez se describen las diferentes patologías quirúrgicas en quinto radio del pie y se evalúa el resultado goniométrico postquirúrgico de las diferentes técnicas quirúrgicas empleadas. MATERIAL MÉTODOS: En una muestra consecutiva de 121 pies intervenidos quirúrgicamente de patología en el quinto radio del pie se describe, analiza y compara diferentes parámetros radiológicos, clínicos, biomecánicos y baropodométricos del pie analizados entre las tres patologías quirúrgicas estudiadas y entre los diferentes tipos de juanetes de sastre clasificados según su goniometría. También se estudia la influencia del dedo V en la patología del V MTT, se analiza la presencia del neuroma bajo la cabeza del V MTT y los resultados postquirúrgicos de las diferentes técnicas quirúrgicas. RESULTADOS:   Existen diferencias morfológicas y funcionales del pie en cada tipo de patología quirúrgica de quinto radio del pie. Los pies con metatarso aducto presentan un incremento del AIM IV-V  respecto a los pies con metatarso recto por lo que el tipo de metatarso debe ser considerado en la valoración prequirúrgica del quinto radio del pie. Sólo un 17,44% de los juanetes de sastre no se asocia a ninguna alteración morfológica y funcional y son aquellos en los que sólo se desvía su tercio distal.  La desviación en abducción del V MTT se ve agravada por la edad y se asocia a un incremento de la aducción del I MTT y abducción del dedo I. LA sobrecarga V MTT se asocia a la forma de pie cavo y desviación en el plano sagital del dedo V. La sobrecarga V MTT se asocia a juanete de sastre en un 22,3 %.  En un 20,7 % de los casos intervenido se encuentra neuroma bajo la cabeza del V MTT, asociándose en mayor medida a pies con sobrecarga  V MTT más si se acompaña de juanete de sastre. El dedo V bifalángico está presente en un 48 % de los pies estudiadosy no influye ni en la patología del dedo ni en la del V MTT.La cirugía del dedo V se asocia a desviaciones en el plano sagital. Cuando no es posible realizar procedimientos tipo osteotomías para reducir la deformidad, la artroplastia en la quinta articulación metatarsofalángica resuelve clínicamente la sintomatología. </subfield>
        </datafield>
        <datafield tag="653" ind1="1" ind2=" ">
            <subfield code="a">cirugía ortopédica</subfield>
        </datafield>
        <datafield tag="653" ind1="1" ind2=" ">
            <subfield code="a">patología del pie</subfield>
        </datafield>
        <datafield tag="700" ind1=" " ind2=" ">
            <subfield code="a">Lahoz Gimeno, Manuel</subfield>
            <subfield code="e">dir.</subfield>
        </datafield>
        <datafield tag="710" ind1="2" ind2=" ">
            <subfield code="a">Universidad de Zaragoza</subfield>
            <subfield code="b">Anatomía e Histología Humanas</subfield>
        </datafield>
        <datafield tag="856" ind1="0" ind2=" ">
            <subfield code="f">zaguan@unizar.es</subfield>
        </datafield>
        <datafield tag="856" ind1="4" ind2=" ">
            <subfield code="s">11937144</subfield>
            <subfield code="u">http://zaguan.unizar.es/record/12832/files/TESIS-2013-143.pdf</subfield>
            <subfield code="z">Texto completo (spa)</subfield>
        </datafield>
        <datafield tag="909" ind1="C" ind2="O">
            <subfield code="o">oai:zaguan.unizar.es:12832</subfield>
        </datafield>
        <datafield tag="909" ind1="c" ind2="o">
            <subfield code="p">tesis</subfield>
        </datafield>
        <datafield tag="909" ind1="C" ind2="O">
            <subfield code="p">driver</subfield>
        </datafield>
        <datafield tag="910" ind1="2" ind2=" ">
            <subfield code="a">Anatomía patológica</subfield>
            <subfield code="b">Anatomía e Histología Humanas</subfield>
        </datafield>
        <datafield tag="980" ind1=" " ind2=" ">
            <subfield code="a">TESIS</subfield>
        </datafield>
    </record>

    
</collection>